Hotellerie de luxe en France. Distinction Palace bakalárska práca

Uložené v:
Podrobná bibliografia
Hlavný autor: Lašová, Nikola
Korporativný autor: Fakulta aplikovaných jazykov EU v Bratislave. Katedra románskych a slovanských jazykov
Ďalší autori: Tureková, Andrea, 1979-
Médium: Kniha
Jazyk:French
Vydavateľské údaje: Bratislava 2017
Tagy: Pridať tag
Žiadne tagy, Buďte prvý, kto otaguje tento záznam!

MARC

LEADER 00000nbm a2200000 4500
001 0233645
005 20180213095248.5
041 0 |a fre 
044 |a SK 
245 1 0 |a Hotellerie de luxe en France. Distinction Palace  |b bakalárska práca  |c Nikola Lašová ; školiteľ: Andrea Tureková 
264 1 |a Bratislava  |c 2017 
300 |a 49 s. 
100 1 |a Lašová, Nikola 
700 1 |a Tureková, Andrea, 1979- 
710 2 |a Fakulta aplikovaných jazykov EU v Bratislave. Katedra románskych a slovanských jazykov